[Event "20th Open"]
[Site "Cappelle la Grande FRA"]
[Date "2004.03.01"]
[Round "3"]
[White "Czarnota,P"]
[Black "Areshchenko,A"]
[Result "1/2-1/2"]
[WhiteElo "2386"]
[BlackElo "2564"]

1.e4 c5 2.Nf3 d6 3.d4 cxd4 4.Nxd4 Nf6 5.Nc3 a6 6.Be3 e5 7.Nb3 Be6 8.f3 h5
9.Qd2 Nbd7 10.O-O-O Qc7 11.Kb1 Be7 12.Bd3 b5 13.h3 h4 14.f4 Rc8 15.Rhe1 Bc4
16.Bf2 Rh5 17.a3 Kf8 18.f5 Kg8 19.Be2 Rh8 20.Rg1 Bf8 21.Be3 Bxe2 22.Qxe2 Qb7
23.Na5 Qa8 24.Nd5 Nxe4 25.Rge1 Nef6 26.Nxf6+ Nxf6 27.Bg5 Nh5 28.Qg4 f6 29.Bxh4 Nf4
30.Bg3 Qxg2 31.Bxf4 Qxc2+ 32.Ka2 exf4 33.Rc1 Qxc1 34.Rxc1 Rxc1 35.Qxf4 Re1
36.Qg3 Re5 37.Qg4 Re3 38.Qd4 Re5 39.Qg4 g5 40.Nc6 Rh4 41.Qf3 Rc5 42.Qe3 Rxc6
43.Qe6+ Kh8 44.Qe8 Rc7 45.Qxf8+ Kh7 46.Qxf6 Rg7 47.Qxd6 Rh6 48.f6 Rf7 49.Qxa6 b4
50.Qc4 Kg6 51.Qe4+ Kxf6 52.Qxb4 Rxh3 53.Qd6+ Kf5 54.Qd5+ Kf6  1/2-1/2

[Event "20th Open"]
[Site "Cappelle la Grande FRA"]
[Date "2004.03.01"]
[Round "3"]
[White "Perunovic,Mil"]
[Black "Gharamian,T"]
[Result "0-1"]
[WhiteElo "2550"]
[BlackElo "2332"]

1.e4 c5 2.Nf3 d6 3.d4 cxd4 4.Nxd4 Nf6 5.Nc3 a6 6.Be3 e5 7.Nb3 Be6 8.f3 h5
9.Qd2 Nbd7 10.O-O-O Rc8 11.Kb1 b5 12.Nd5 Bxd5 13.exd5 Nb6 14.Bxb6 Qxb6 15.g3 g6
16.Bh3 Rc4 17.f4 Ne4 18.Qe1 Nf2 19.Qg1 e4 20.Rd2 e3 21.Re2 Be7 22.Qe1 Nxh1
23.Rxe3 Rc7 24.Re2 Kf8 25.Qxh1 a5 26.Qe1 b4 27.a4 bxa3 28.Qxa5 Qxa5 29.Nxa5 axb2
30.Kxb2 Rc5 31.Nc6 Bf6+ 32.Kb3 Rxd5 33.c4 Rd3+ 34.Kb4 h4  0-1

[Event "ch-TUR"]
[Site "Kusadasi TUR"]
[Date "2004.03.04"]
[Round "7"]
[White "Erdogdu,M"]
[Black "Erturan,Y"]
[Result "0-1"]
[WhiteElo "2355"]
[BlackElo "2273"]

1.e4 c5 2.Nf3 d6 3.d4 cxd4 4.Nxd4 Nf6 5.Nc3 a6 6.Be3 e5 7.Nb3 Be6 8.f3 h5
9.Qd2 Nbd7 10.Be2 Be7 11.O-O g6 12.Nd5 Bxd5 13.exd5 Kf8 14.Na5 Qc7 15.c4 Kg7
16.b4 h4 17.Rfd1 Bd8 18.Rac1 Qb8 19.Nb3 b6 20.Kh1 a5 21.a3 a4 22.Na1 Nh5
23.Bd3 Be7 24.Nc2 Qd8 25.Ne1 f5 26.Bc2 f4 27.Bf2 h3 28.g3 fxg3 29.hxg3 Bg5
30.Qd3 Qf6 31.Rb1 Rae8 32.Bxa4 e4 33.Qc2 e3 34.Bxd7 exf2 35.Qxf2 Re2  0-1

[Event "70th ch-BLR"]
[Site "Minsk BLR"]
[Date "2004.03.06"]
[Round "3"]
[White "Zhigalko,A"]
[Black "Dydyshko,V"]
[Result "1-0"]
[WhiteElo "2491"]
[BlackElo "2574"]

1.e4 c5 2.Nf3 d6 3.d4 cxd4 4.Nxd4 Nf6 5.Nc3 a6 6.Be3 e6 7.f3 Be7 8.Qd2 Nc6
9.O-O-O O-O 10.g4 Nxd4 11.Qxd4 Nd7 12.Kb1 b5 13.g5 Rb8 14.h4 b4 15.Ne2 Qc7
16.Qd2 Rd8 17.Nd4 Nc5 18.h5 Bb7 19.Bh3 e5 20.Nf5 d5 21.g6 Bf6 22.Rdg1 dxe4
23.Qxb4 Rdc8 24.gxf7+ Kxf7 25.Qc4+ Ne6 26.Nh6+ Kf8 27.Qxc7 Nxc7 28.Bc5+ Ke8
29.Nf5 exf3 30.Nd6+ Kd8 31.Nxb7+ Rxb7 32.Rd1+ Ke8 33.Bd7+ Kf7 34.Bxc8 Rb8
35.Rd7+ Ke8 36.Rxc7 e4 37.Bb7  1-0

[Event "70th ch-BLR"]
[Site "Minsk BLR"]
[Date "2004.03.06"]
[Round "3"]
[White "Kolesnik,E"]
[Black "Tihonov,J"]
[Result "0-1"]
[WhiteElo "2406"]
[BlackElo "2443"]

1.e4 c5 2.Nf3 d6 3.d4 cxd4 4.Nxd4 Nf6 5.Nc3 a6 6.Be3 e5 7.Nb3 Be6 8.f3 Be7
9.Qd2 h5 10.O-O-O Nbd7 11.Kb1 Rc8 12.h3 Qc7 13.Bd3 h4 14.f4 Nb6 15.f5 Nc4
16.Bxc4 Bxc4 17.Qf2 b5 18.a3 Rb8 19.Nd5 Bxd5 20.exd5 Ne4 21.Qf3 Ng3 22.Rhe1 Qd7
23.Qg4 Qxf5 24.Qb4 Rc8 25.Rd2 Qe4 26.Qa5 Bg5 27.Rd4 Qxc2+ 28.Ka2 Bxe3 29.Rxe3 O-O
30.Rd2 Qc7 31.Qb4 Qc4 32.Qxd6 Nf5 33.Qxe5 Nxe3 34.Rd4 Qe2 35.Rg4 Qxg4 36.hxg4 Rfe8
37.Qg5 Rcd8 38.Qxh4 Rxd5 39.Qg3 Nc4 40.Qf3 Rde5 41.Nd4 Re4 42.Nf5 Re2 43.Qc3 Rxb2+
44.Ka1 Re5 45.Qxe5 Nxe5 46.Kxb2 Nxg4 47.Kc3 g6 48.Nd4 Ne3 49.Kb4 Kg7 50.Ka5 Nc4+
51.Kxa6 Nxa3 52.Ka5 Kf6 53.Kb4 Nc4 54.Nc2 Nd6 55.Kc5 Ke5 56.Nb4 Nc4 57.Nd5 Ke4
58.Nf6+ Kf4 59.Kxb5 Ne3 60.Kc5 Kf5 61.Ne8 Nxg2 62.Kd6 g5 63.Ke7 Kg6 64.Nf6 Ne3
65.Nd7 Nc4 66.Nf8+ Kg7 67.Nd7 g4 68.Nf6 Ne3 69.Ne4 Kg6 70.Ng3 Nf5+  0-1

[Event "TCh-BEL 2003-4"]
[Site "Belgium BEL"]
[Date "2004.03.09"]
[Round "10"]
[White "Lutz,C"]
[Black "Wemmers,X"]
[Result "1-0"]
[WhiteElo "2597"]
[BlackElo "2337"]

1.e4 c5 2.Nf3 d6 3.d4 cxd4 4.Nxd4 Nf6 5.Nc3 a6 6.Be3 Ng4 7.Bg5 h6 8.Bh4 g5
9.Bg3 Bg7 10.h3 Ne5 11.f3 b5 12.Qd2 Nbc6 13.Bf2 Na5 14.b3 e6 15.h4 Bb7 16.O-O-O Rc8
17.Kb1 Nec6 18.Nce2 Ne5 19.Ng3 Rg8 20.hxg5 hxg5 21.Be3 Bf6 22.Rh7 Be7 23.Nh5 Kf8
24.Be2 Nac6 25.c3 Qa5 26.Rc1 Rd8 27.Qe1 Ng4 28.fxg4 Nxd4 29.Bd3 Nc6 30.Qf2 Ne5
31.Bd4  1-0

[Event "20th Spring Festival"]
[Site "Budapest HUN"]
[Date "2004.03.25"]
[Round "7"]
[White "Szamoskozi,G"]
[Black "Horvath,An"]
[Result "1-0"]
[WhiteElo "2222"]
[BlackElo "2284"]

1.e4 c5 2.Nf3 d6 3.d4 cxd4 4.Nxd4 Nf6 5.Nc3 a6 6.Be3 Nc6 7.Be2 e6 8.O-O Be7
9.f4 Qc7 10.Kh1 O-O 11.Qe1 Nxd4 12.Bxd4 b5 13.a3 Bb7 14.Qg3 Bc6 15.Rae1 Qb7
16.Bd3 b4 17.Nd1 bxa3 18.bxa3 g6 19.Nf2 Nh5 20.Qe3 Rae8 21.Rb1 Qc8 22.Ng4 e5
23.Nh6+ Kg7 24.fxe5 dxe5 25.Bxe5+ f6 26.Bd4 Bd6 27.g4 Qa8 28.Rbe1 Be5 29.Bc5  1-0

[Event "IV Open"]
[Site "Dos Hermanas ESP"]
[Date "2004.03.27"]
[Round "3"]
[White "Korneev,O"]
[Black "Tissir,M"]
[Result "1-0"]
[WhiteElo "2566"]
[BlackElo "2436"]

1.e4 c5 2.Nf3 d6 3.d4 cxd4 4.Nxd4 Nf6 5.Nc3 a6 6.Be3 e6 7.f3 Nc6 8.Qd2 Be7
9.O-O-O O-O 10.g4 Nxd4 11.Bxd4 b5 12.Kb1 Qc7 13.h4 Nd7 14.g5 b4 15.Na4 Bb7
16.b3 Bc6 17.Nb2 a5 18.h5 Ne5 19.Rh3 a4 20.g6 axb3 21.cxb3 Bf6 22.gxh7+ Kxh7
23.Nc4 Bb5 24.Nb6 Ra5 25.h6 g6 26.f4 Bxf1 27.Rxf1 Ng4 28.Rg3 Bxd4 29.Qxd4 e5
30.Qxb4  1-0

[Event "IV Open"]
[Site "Dos Hermanas ESP"]
[Date "2004.03.30"]
[Round "6"]
[White "Cheparinov,I"]
[Black "Komljenovic,D"]
[Result "1-0"]
[WhiteElo "2550"]
[BlackElo "2441"]

1.e4 c5 2.Nf3 d6 3.d4 cxd4 4.Nxd4 Nf6 5.Nc3 a6 6.Be3 e6 7.g4 h6 8.f3 Nc6
9.Qd2 Nxd4 10.Bxd4 e5 11.Be3 Be6 12.O-O-O Rc8 13.h4 Qa5 14.Bh3 b5 15.a3 Nd7
16.Nd5 Qxd2+ 17.Rxd2 Be7 18.Bf1 Nc5 19.Kb1 Bxd5 20.Rxd5 Kd7 21.c4 bxc4 22.Bxc4 a5
23.Rhd1 Ke8 24.Bb5+ Kf8 25.Bd2 Nb3 26.Bc3 g5 27.h5 Kg7 28.Ka2 Nd4 29.Bxa5 Nxf3
30.Bc3 Nd4 31.Bxd4 exd4 32.R1xd4 Rc2 33.Rd2 Rhc8 34.Kb3 Rc1 35.e5 dxe5 36.Rxe5 Bf6
37.Rf5 R8c7 38.Rd6 Be7 39.Rd7 Rxd7 40.Bxd7 Rd1 41.Bc6 Bf6 42.a4 Rd3+ 43.Ka2 Rd6
44.Bf3 Rb6 45.b3 Bc3 46.Bd5 f6 47.Bc4 Rd6 48.Ka3 Rd4 49.Rf3 Ba5 50.Be6 Bb4+
51.Kb2 Bd6 52.Bf5 Be5 53.Kc2 Kf8 54.Rd3 Rf4 55.Rd7 Ke8 56.Rb7 Rf2+ 57.Kd3 Ra2
58.Kc4 Kd8 59.Kd5 Rd2+ 60.Ke6 Ke8 61.Re7+ Kf8 62.Rd7 Re2 63.Rd8+ Kg7 64.Rd7+ Kf8
65.Kd5 Bc3 66.Rh7 Re5+ 67.Kc4 Be1 68.Rxh6 Ke7 69.Rh7+ Kd6 70.b4 Re3 71.Rd7+ Kc6
72.b5+ Kb6 73.Rd6+ Kb7 74.h6 Rc3+ 75.Kd5 Rh3 76.h7 Ba5 77.Rd7+ Kb8 78.Rg7  1-0

[Event "IV Open"]
[Site "Dos Hermanas ESP"]
[Date "2004.04.02"]
[Round "9"]
[White "Razmyslov,A"]
[Black "Pereira Figueroa,M"]
[Result "1-0"]
[WhiteElo "2337"]
[BlackElo "2094"]

1.e4 c5 2.Nf3 d6 3.Nc3 a6 4.d4 cxd4 5.Nxd4 Nf6 6.Be3 e5 7.Nb3 Be6 8.f3 Nbd7
9.Qd2 b5 10.O-O-O Rc8 11.Kb1 Be7 12.g4 Nb6 13.Qf2 Nfd7 14.Nd5 Bxd5 15.exd5 Nc4
16.Bc1 Bf6 17.h4 a5 18.g5 Be7 19.Nd2 Qc7 20.Ne4 b4 21.h5 O-O 22.Bh3 Rb8 23.Rhg1 Kh8
24.Rd3 f5 25.gxf6 Nxf6 26.Ng5 Nxd5 27.Ne6 Na3+ 28.Rxa3 Qc6 29.Rd3 Rg8 30.Ng5 Bxg5
31.Bxg5 Rge8 32.Bd7 Nc3+ 33.Rxc3 bxc3 34.Bxc6 Rxb2+  1-0

[Event "ch-HUN U20"]
[Site "Budapest HUN"]
[Date "2004.04.06"]
[Round "2"]
[White "Papp,T"]
[Black "Varga,Cs2"]
[Result "0-1"]
[WhiteElo "2112"]
[BlackElo "2261"]

1.e4 c5 2.Nf3 d6 3.d4 cxd4 4.Nxd4 Nf6 5.Nc3 a6 6.Be3 e5 7.Nb3 Be6 8.f3 Be7
9.Qd2 O-O 10.g4 d5 11.exd5 Nxd5 12.Nxd5 Bxd5 13.Bg2 Bh4+ 14.Bf2 Bxf2+ 15.Qxf2 Bxb3
16.axb3 Nc6 17.O-O Rc8 18.Rad1 Qc7 19.c3 Rfd8 20.Kh1 Ne7 21.b4 Ng6 22.Qc5 Qxc5
23.bxc5 Nf4 24.b4 f6 25.h3 Ne2 26.Rxd8+ Rxd8 27.Re1 Nf4 28.Bf1 Kf8 29.h4 Rc8
30.Kg1 Ke7 31.Rd1 Rd8 32.Rxd8 Kxd8 33.Bc4 Kc7 34.Kf2 Kc6 35.Ke3 Ng2+ 36.Ke4 Nxh4
37.Bd5+ Kc7 38.Bg8 h6 39.Bf7 Ng2 40.Be8 Nf4 41.c4 g6 42.Bf7 h5 43.gxh5 gxh5
44.Kf5 h4 45.Kg4 h3 46.Kg3 f5 47.Bg8 e4 48.fxe4 fxe4 49.Bh7 e3 50.Be4 h2
51.Bh1 e2 52.Kf2 Nh5 53.Kxe2 Ng3+ 54.Kf3 Nxh1 55.Kg2 Nf2 56.Kxh2 Nd3 57.b5 a5  0-1

[Event "42nd Doeberl Cup"]
[Site "Canberra AUS"]
[Date "2004.04.10"]
[Round "4"]
[White "Zhao Zong Yuan"]
[Black "Solomon,SJ"]
[Result "1-0"]
[WhiteElo "2386"]
[BlackElo "2404"]

1.e4 c5 2.Nf3 d6 3.d4 cxd4 4.Nxd4 Nf6 5.Nc3 a6 6.Be3 e5 7.Nb3 Be6 8.f3 Nbd7
9.g4 Nb6 10.g5 Nfd7 11.Qd2 Rc8 12.O-O-O Qc7 13.Kb1 Nc5 14.h4 Nca4 15.Nxa4 Nxa4
16.Bh3 Be7 17.h5 Nb6 18.Qg2 Nc4 19.Bc1 a5 20.g6 hxg6 21.hxg6 Bxh3 22.Rxh3 Rxh3
23.Qxh3 Bf6 24.Na1 b5 25.c3 b4 26.b3 Nb6 27.cxb4 axb4 28.Be3 Nd7 29.Rc1 Nc5
30.Bxc5 dxc5 31.Nc2 Qd7 32.gxf7+ Ke7 33.Qxd7+ Kxd7 34.Nxb4 Ke6 35.Rxc5 Rb8
36.Nd5 Kxf7 37.b4 Bh4 38.Rc7+ Kg6 39.a4 Bf2 40.Kc2 Bd4 41.Kd3 Rh8 42.Ne7+ Kg5
43.Nf5 Bf2 44.Rxg7+ Kf6 45.Rg2 Be1 46.b5 Ra8 47.Ra2 Ke6 48.Ne3 Rd8+ 49.Nd5 Ba5
50.Rc2 Rh8 51.Rc6+ Kd7 52.Ra6 Be1 53.Ra7+ Kd6 54.b6 Bf2 55.a5 Kc6 56.Kc4 Rh1
57.Ne7+ Kd6 58.Nc8+ Ke6 59.Re7+ Kf6 60.Rc7 Ke6 61.b7 Rb1 62.a6 Rc1+ 63.Kd3 Rb1
64.a7 Bxa7 65.Nxa7 Kd6 66.Rh7 Kc5 67.Nc8 Rb3+ 68.Kc2 Rb4 69.Rc7+ Kd4 70.Ne7  1-0

[Event "ACP Blitz Prelim1"]
[Site "playchess.com INT"]
[Date "2004.04.12"]
[Round "5"]
[White "Iordachescu,V"]
[Black "Moreno Carnero,J"]
[Result "1-0"]
[WhiteElo "2627"]
[BlackElo "2525"]

1.e4 c5 2.Nf3 d6 3.d4 cxd4 4.Nxd4 Nf6 5.Nc3 a6 6.Be3 e5 7.Nb3 Be7 8.f3 Be6
9.Qd2 O-O 10.O-O-O Nbd7 11.g4 b5 12.g5 Nh5 13.Nd5 Bxd5 14.exd5 Nb6 15.Na5 Nxd5
16.Nc6 Nxe3 17.Nxd8 Bxg5 18.Kb1 Rfxd8 19.Re1 d5 20.Bd3 Bf4 21.Bxh7+ Kxh7
22.Rxe3 g6 23.Qe2 Bxe3 24.Qxe3 f6 25.Rd1 Rd7 26.Qb6 d4 27.c3 d3 28.Rxd3 Rxd3
29.Qb7+ Kh6 30.Qxa8 Rd1+ 31.Kc2 Rh1 32.Qxa6 Rxh2+ 33.Kb3 b4 34.cxb4 Rf2 35.Qc6 f5
36.b5 Nf4 37.b6 Ne2 38.Ka4 Nd4 39.Qc3 Rc2 40.Qxc2  1-0

[Event "ACP Blitz Prelim2"]
[Site "playchess.com INT"]
[Date "2004.04.13"]
[Round "2"]
[White "Gallegos,Ca"]
[Black "Shomoev,A"]
[Result "0-1"]
[WhiteElo "2452"]
[BlackElo "2487"]

1.e4 c5 2.Nf3 d6 3.d4 cxd4 4.Nxd4 Nf6 5.Nc3 a6 6.Be3 e6 7.h3 b5 8.Bd3 Bb7
9.O-O Nbd7 10.f3 Be7 11.Qd2 O-O 12.Rad1 Rc8 13.a3 Nc5 14.Qf2 Qc7 15.Kh1 Rfe8
16.Qg3 Bf8 17.Bg5 Nfd7 18.Qh4 h6 19.Be3 Be7 20.Qf2 Bf6 21.Nce2 d5 22.exd5 Nxd3
23.cxd3 Bxd5 24.Nf4 Qb7 25.Nh5 Be5 26.f4 Bf6 27.Qg3 Kh8 28.Nf3 Bxf3 29.Rxf3 Qd5
30.Nxf6 Nxf6 31.Qf2 Rc6 32.Bd4 Nd7 33.Bc3 Rec8 34.f5 e5 35.d4 e4 36.Rg3 Nf6
37.Re1 a5 38.Bxa5 Rc2 39.Re2 Rxe2 40.Qxe2 Qxf5 41.Bc3 Qd5 42.Re3 Re8 43.Qd1 Re6
44.Qf1 Qd7 45.Qf5 Qd5 46.g4 g6 47.Qf4 Kh7 48.Qb8 h5 49.Qc7 Kg7 50.Bb4 hxg4
51.hxg4 Nxg4 52.Rh3 e3+ 53.Kg1 Qf5 54.Bf8+ Kg8 55.Qg3 Qf2+  0-1

[Event "ACP Blitz Prelim2"]
[Site "playchess.com INT"]
[Date "2004.04.13"]
[Round "7"]
[White "Kobalia,M"]
[Black "Naiditsch,A"]
[Result "0-1"]
[WhiteElo "2630"]
[BlackElo "2571"]

1.e4 c5 2.Nf3 d6 3.d4 cxd4 4.Nxd4 Nf6 5.Nc3 a6 6.Be3 e5 7.Nb3 Be6 8.Qd2 Nbd7
9.O-O-O Be7 10.Kb1 b5 11.f4 exf4 12.Bxf4 Ne5 13.Qe3 Qc7 14.h3 O-O 15.g4 Rfc8
16.Rh2 h6 17.Qe1 Nf3 18.Qf2 Nxh2 19.Qxh2 b4 20.Nd5 Bxd5 21.exd5 a5 22.Nd4 a4
23.Nf5 b3 24.c4 a3 25.axb3 Ne4 26.Bd3 Nc5 27.Bc2 Bf6 28.Nxh6+ gxh6 29.g5 hxg5
30.Bxg5 Bxg5 31.Rg1 f6 32.h4 Qg7 33.hxg5 fxg5 34.Bh7+ Qxh7+  0-1

[Event "ACP Blitz Prelim3"]
[Site "playchess.com INT"]
[Date "2004.04.14"]
[Round "10"]
[White "Berg,E"]
[Black "Relange,E"]
[Result "0-1"]
[WhiteElo "2495"]
[BlackElo "2505"]

1.e4 c5 2.Nf3 d6 3.d4 cxd4 4.Nxd4 Nf6 5.Nc3 a6 6.Be3 e6 7.f4 Qc7 8.Qf3 b5
9.Bd3 Bb7 10.g4 b4 11.Nce2 Nc6 12.g5 Nd7 13.O-O-O Nc5 14.Kb1 Be7 15.h4 a5
16.h5 O-O-O 17.Rhe1 a4 18.Ng3 g6 19.Qe2 Qb6 20.Qf2 Kb8 21.Rc1 a3 22.b3 Qa5
23.Nf3 Rc8 24.Nd2 Qc7 25.Bxc5 dxc5 26.e5 Nd4 27.Ne2 Nf5 28.Bxf5 exf5 29.Ng3 Rhd8
30.Ngf1 Rd4 31.Ne3 Rcd8 32.Ndc4 Be4 33.Rcd1 Qb7 34.Kc1 R8d7 35.Rd2 Qc7 36.Red1 Qd8
37.Qe2 Bf8 38.h6 Be7 39.Qf2 Ka7 40.Qe2 Kb8 41.Nf1 Bc6 42.Qe3 Bb5 43.Rxd4 cxd4
44.Qd3 Bc6 45.Nfd2 Bc5 46.Re1 Kb7 47.Rg1 Kc7 48.Re1 Bb5 49.Kd1 Bc6 50.Ke2 Qa8
51.Kd1 Bb5 52.Kc1 Bc6 53.Re2 Bb5 54.Rf2 Bc6 55.Qe2 Be4 56.e6 fxe6 57.Rf1 d3
58.Qe1 dxc2 59.Ne5 Rd4 60.Rf2 Qd5 61.Re2 Bd6 62.Nxe4 Rd1+ 63.Kxc2 Rxe1 64.Rxe1 Bxe5
65.fxe5 fxe4  0-1

[Event "7th St Quentin Open"]
[Site "Elancourt FRA"]
[Date "2004.04.19"]
[Round "2"]
[White "Le Ray,O"]
[Black "Mihajlovskij,S"]
[Result "0-1"]
[WhiteElo "1936"]
[BlackElo "2397"]

1.e4 c5 2.Nf3 d6 3.d4 cxd4 4.Nxd4 Nf6 5.Nc3 a6 6.Be3 e5 7.Nb3 Be6 8.Qd2 Be7
9.f3 O-O 10.O-O-O Qc7 11.g4 Rc8 12.Qf2 Nbd7 13.h4 b5 14.Kb1 b4 15.Nd5 Bxd5
16.exd5 a5 17.g5 Nh5 18.Bd3 a4 19.Nc1 a3 20.Bf5 axb2 21.Kxb2 Ra3 22.Bd2 Rb8
23.Nb3 Nb6 24.Be4 Qa7 25.Kb1 Qa4 26.Nc1 Nc4 27.Rhg1 Rxa2  0-1

[Event "6th Open"]
[Site "Dubai UAE"]
[Date "2004.04.20"]
[Round "2"]
[White "Ganguly,S"]
[Black "Shanava,K"]
[Result "1-0"]
[WhiteElo "2582"]
[BlackElo "2428"]

1.e4 c5 2.Nf3 d6 3.d4 cxd4 4.Nxd4 Nf6 5.Nc3 a6 6.Be3 e5 7.Nb3 Be6 8.f3 Nbd7
9.Qd2 Be7 10.g4 O-O 11.O-O-O b5 12.g5 Nh5 13.Nd5 Bxd5 14.exd5 b4 15.Kb1 a5
16.Bb5 a4 17.Nc1 a3 18.b3 Rb8 19.Bc6 Nc5 20.Rhg1 Qa5 21.Rg4 g6 22.Rc4 Ng7
23.Qe1 Nf5 24.Bd2 Qa7 25.f4 exf4 26.Bxf4 Rfd8 27.Rxb4 Bf8 28.Nd3 Bg7 29.Bc1 Nd4
30.Nxc5 Nxc6 31.dxc6 Qxc5 32.Bxa3 Ra8 33.Ra4 Qxc6 34.Rxa8 Rxa8 35.Bb2 Bxb2
36.Kxb2 Qc5 37.a4 Rc8 38.Qd2 Qe5+ 39.Kb1 Qf5 40.h4 d5 41.Qe2 Rc3 42.Rf1 Qd7
43.Re1 Rc8 44.Qe5 Qc6 45.Re2 Qa6 46.Rd2 Qf1+ 47.Kb2 Qh3 48.Qd4 Qg3 49.a5 Rd8
50.Qb6 Rc8 51.Qb4 Rd8 52.Rd3 Qf2 53.Qb6  1-0

[Event "Constantin Ungureanu Mem"]
[Site "Bucharest ROM"]
[Date "2004.04.21"]
[Round "7"]
[White "Djukic,Ni"]
[Black "Grigore,N"]
[Result "1/2-1/2"]
[WhiteElo "2449"]
[BlackElo "2361"]

1.e4 c5 2.Nf3 d6 3.d4 cxd4 4.Nxd4 Nf6 5.Nc3 a6 6.Be3 e5 7.Nb3 Be6 8.f3 Nbd7
9.g4 b5 10.g5 b4 11.Nd5 Nxd5 12.exd5 Bf5 13.Bd3 Bxd3 14.Qxd3 Be7 15.h4 O-O
16.O-O-O a5 17.Kb1 a4 18.Nd2 f5 19.Nc4 Qc7 20.b3 f4 21.Bf2 Qb7 22.Rhe1 Qa6
23.Rd2 Bd8 24.Qf1 Rf7 25.Qg1 Nf8 26.Re4 Rb7 27.Qe1 Bc7 28.Qe2 Rb5 29.Kc1 Qb7
30.Qd3 Ng6 31.bxa4 Rxa4 32.Nxe5 Ra3 33.Nxg6 Rxd3 34.Ne7+ Kf7 35.Rxd3 Qa6
36.Nc6 Qxa2 37.Rxf4+ Kg6 38.Ne7+ Kh5 39.Rf5 Bb6 40.Bg3 g6 41.Rf7 Qa1+ 42.Kd2 Qh8
43.Nf5 gxf5 44.Rf6 Qg7 45.Rh6+ Qxh6 46.gxh6 Bc5 47.Bf4 Kxh4 48.Kc1 Ra5 49.Rd2 Ra1+
50.Kb2 Rh1 51.Kb3 Rh3 52.Rd3 Kh5 53.Ka4 Rh4 54.Bd2 Rc4 55.Kb3 Rh4 56.f4 Kg4
57.Bxb4 Bxb4 58.Kxb4 Kxf4 59.c4 Rh1 60.c5 Ke4 61.Rd2 Rb1+ 62.Ka5 Ke3 63.Rg2 dxc5
64.d6 Rd1 65.Rg7 Rxd6 66.Rxh7 f4 67.Rh8 Kf2 68.h7 Rh6 69.Kb5 f3 70.Kxc5 Rh3
71.Kd4 Kf1 72.Rf8  1/2-1/2

[Event "6th Open"]
[Site "Dubai UAE"]
[Date "2004.04.24"]
[Round "6"]
[White "Dzhumaev,M"]
[Black "Shanava,K"]
[Result "1-0"]
[WhiteElo "2512"]
[BlackElo "2428"]

1.e4 c5 2.Nf3 d6 3.d4 cxd4 4.Nxd4 Nf6 5.Nc3 a6 6.Be3 e5 7.Nb3 Be6 8.f3 Nbd7
9.g4 Nb6 10.g5 Nh5 11.Qd2 Be7 12.O-O-O O-O 13.Rg1 Rc8 14.Kb1 Qc7 15.Bd3 g6
16.h4 Nc4 17.Bxc4 Bxc4 18.f4 exf4 19.Bxf4 Rfd8 20.Be3 Bf8 21.Bd4 Re8 22.Qf2 Qd7
23.Nd2 Be6 24.Nf1 Rxc3 25.Bxc3 Rc8 26.Bd4 Qc6 27.Ng3 Nf4 28.Rd2  1-0

[Event "6th Open"]
[Site "Dubai UAE"]
[Date "2004.04.25"]
[Round "7"]
[White "Asrian,K"]
[Black "Chokshi,M"]
[Result "1-0"]
[WhiteElo "2605"]
[BlackElo "2223"]

1.e4 c5 2.Nf3 d6 3.d4 cxd4 4.Nxd4 Nf6 5.Nc3 a6 6.Be3 e5 7.Nb3 Be6 8.f3 Nbd7
9.g4 Nb6 10.g5 Nh5 11.Qd2 Rc8 12.O-O-O Be7 13.Kb1 Qc7 14.Qf2 Nc4 15.Bxc4 Bxc4
16.Bb6 Qd7 17.h4 Nf4 18.Be3 O-O 19.Bxf4 exf4 20.Nd5 Bxd5 21.Rxd5 f5 22.Qe2 Rce8
23.Qc4 Kh8 24.exf5 Rxf5 25.Rxf5 Qxf5 26.Re1 h6 27.Qc7 Qf8 28.Qd7 hxg5 29.hxg5 g6
30.Na5 Kg7 31.Nxb7 Kh8 32.a3 d5 33.Nd6 Rd8 34.Qh3+ Kg7 35.Qh6+  1-0

[Event "It"]
[Site "Zalaegerszeg HUN"]
[Date "2004.04.25"]
[Round "2"]
[White "Sax,G"]
[Black "Ruck,R"]
[Result "1/2-1/2"]
[WhiteElo "2535"]
[BlackElo "2556"]

1.e4 c5 2.Nf3 d6 3.d4 cxd4 4.Nxd4 Nf6 5.Nc3 a6 6.Be3 Ng4 7.Bg5 h6 8.Bh4 g5
9.Bg3 Bg7 10.h3 Nf6 11.h4 g4 12.Nf5 Bxf5 13.exf5 Qa5 14.Bd3 Nh5 15.O-O Nxg3
16.fxg3 Nd7 17.Kh2 Be5 18.Be4 Nf6 19.Bxb7 Rb8 20.Bc6+ Kf8 21.Nd5 Rxb2 22.Qd3 Rxa2
23.Rxa2 Qxa2 24.Nxf6 exf6 25.Bd5 Qb2  1/2-1/2

[Event "6th Open"]
[Site "Dubai UAE"]
[Date "2004.04.28"]
[Round "9"]
[White "Asrian,K"]
[Black "Shanava,K"]
[Result "1/2-1/2"]
[WhiteElo "2605"]
[BlackElo "2428"]

1.e4 c5 2.Nf3 d6 3.d4 cxd4 4.Nxd4 Nf6 5.Nc3 a6 6.Be3 e5 7.Nb3 Be6 8.f3 Nbd7
9.g4 b5 10.g5 b4 11.Ne2 Nh5 12.Qd2 g6 13.O-O-O a5 14.Kb1 a4 15.Nbc1 Qa5 16.h4 Nb6
17.Bxb6 Qxb6 18.Bh3 Be7 19.f4 Bxh3 20.Rxh3 exf4 21.Nxf4 Nxf4 22.Qxf4 O-O
23.h5 a3 24.Qh4 h6 25.hxg6 Bxg5 26.gxf7+ Rxf7 27.Qg4 axb2 28.Kxb2 d5 29.exd5 Rf4
30.Qg1 Rf2 31.Rf3 b3 32.Qxf2 bxc2+ 33.Qxb6 cxd1=Q 34.Qe6+ Kh8 35.Qe5+ Kg8
36.Qe6+  1/2-1/2

[Event "ch-LTU"]
[Site "Vilnius LTU"]
[Date "2004.04.28"]
[Round "9"]
[White "Savickas,A"]
[Black "Malisauskas,V"]
[Result "0-1"]
[WhiteElo "2234"]
[BlackElo "2525"]

1.e4 c5 2.Nf3 d6 3.d4 cxd4 4.Nxd4 Nf6 5.Nc3 a6 6.Be3 Ng4 7.Bc1 Nc6 8.f3 Nge5
9.Nxc6 Nxc6 10.Be3 e6 11.Qd2 Be7 12.O-O-O O-O 13.g4 b5 14.h4 Qa5 15.Kb1 Rd8
16.Qf2 Rb8 17.g5 Ne5 18.h5 b4 19.Ne2 Nc4 20.Nd4 Nxe3 21.Qxe3 Qxg5 22.Qxg5 Bxg5
23.Nc6 Rb6 24.Nxd8 Bxd8 25.Bc4 Kf8 26.f4 Bb7 27.Rhe1 Bh4 28.Re2 Ke7 29.Bd3 h6
30.Rg1 Bf6 31.Rf1 a5 32.Kc1 Rc6 33.b3 Rc5 34.Rh2 Bc3 35.Kd1 Bc6 36.Ke2 a4
37.Ke3 a3 38.Rh3 Ra5 39.Rd1 e5 40.f5 Bd4+ 41.Kf3 d5 42.exd5 Rxd5 43.Be4 Rc5
44.Rh2 Bd7 45.Rd3 Bb5 46.Rg2 Kf6 47.Rgd2 Bd7 48.Kg4 g6 49.Rf3 Rc8 50.hxg6 fxg6
51.Kg3 gxf5 52.Bd3 Rg8+ 53.Kh2 Rg5 54.Bf1 Bc6 55.Rfd3  0-1

[Event "It"]
[Site "Zalaegerszeg HUN"]
[Date "2004.04.29"]
[Round "6"]
[White "Horvath,Ad1"]
[Black "Berkes,F"]
[Result "0-1"]
[WhiteElo "2517"]
[BlackElo "2613"]

1.e4 c5 2.Nf3 d6 3.d4 cxd4 4.Nxd4 Nf6 5.Nc3 a6 6.Be3 e5 7.Nb3 Be7 8.f3 Be6
9.Qd2 O-O 10.O-O-O b5 11.g4 b4 12.Nd5 Bxd5 13.exd5 a5 14.Nc5 a4 15.g5 Nh5
16.Ne4 Qa5 17.Ng3 Nf4 18.Bxf4 exf4 19.Nf5 Re8 20.Re1 Nc6 21.dxc6 Qxf5 22.Qxb4 a3
23.b3 Qxg5 24.Bh3 d5 25.Qd4 Bf6 26.Qd3 Qh4 27.Rxe8+ Rxe8 28.Qf1 Bd8 29.Bd7 Re3
30.Kb1 Qf6 31.Qc1 Qd6 32.Re1 Qe5 33.Rd1 Bf6 34.c3 g6 35.Qd2 Rxc3 36.Re1 Re3  0-1

[Event "It"]
[Site "Zalaegerszeg HUN"]
[Date "2004.05.02"]
[Round "9"]
[White "Sax,G"]
[Black "Acs,P"]
[Result "1/2-1/2"]
[WhiteElo "2535"]
[BlackElo "2548"]

1.e4 c5 2.Nf3 d6 3.d4 cxd4 4.Nxd4 Nf6 5.Nc3 a6 6.Be3 e5 7.Nb3 Be6 8.f4 Ng4
9.Bd2 exf4 10.Bxf4 Be7 11.Qd2 Nc6 12.O-O-O O-O 13.h3 Nge5 14.Kb1 Re8 15.Nd5 Bf6
16.g4 Bh4 17.Nc3 Bxb3 18.cxb3 Re6 19.Be2 h6 20.Rhf1 Bg5 21.Nd5 Ng6 22.Bxg5 hxg5
23.Ne3 Nf4 24.Bc4 Rxe4 25.Nf5 d5 26.Qc3 d4 27.Qf3 Re8 28.h4 Ne5 29.Qf2 Nxc4
30.bxc4 Re2 31.Qxd4 Qxd4 32.Rxd4 Ne6 33.Rd7 gxh4 34.Nxh4 Rc8 35.Nf5 Rxc4
36.Ne7+ Kf8 37.Ng6+ Ke8 38.Re7+ Kd8 39.Rexf7 Rcc2 40.Rxb7 Kc8 41.Rb3 Nd4
42.Rc3+ Rxc3  1/2-1/2

[Event "ch-UKR Women"]
[Site "ALushta UKR"]
[Date "2004.05.06"]
[Round "3"]
[White "Arutyunova,D"]
[Black "Panakhova,E"]
[Result "1-0"]
[WhiteElo "2373"]
[BlackElo "2133"]

1.e4 c5 2.Nf3 d6 3.d4 cxd4 4.Nxd4 Nf6 5.Nc3 a6 6.Be3 e5 7.Nb3 Be6 8.Qd2 Be7
9.f3 Nbd7 10.O-O-O b5 11.g4 O-O 12.g5 Nh5 13.Qf2 Bxg5 14.Rg1 Bxe3+ 15.Qxe3 Ndf6
16.Ne2 Qc7 17.Kb1 Rfc8 18.Rd2 a5 19.Nbc1 b4 20.f4 exf4 21.Nxf4 Qc5 22.Qxc5 Rxc5
23.Nxe6 fxe6 24.Rxd6 Nxe4 25.Rd4 Nef6 26.Bc4 Kf7 27.Nd3 Rc7 28.Re1 Re8 29.Rd6 Rxc4
30.Ne5+ Ke7 31.Nxc4 Nf4 32.Ra6 Ng4 33.Ne5 Nxh2 34.Ra7+ Kf8 35.Rf7+ Kg8 36.Rxf4  1-0

[Event "ch-POL w"]
[Site "Warsaw POL"]
[Date "2004.05.06"]
[Round "10"]
[White "Nowak,D"]
[Black "Dworakowska,J"]
[Result "0-1"]
[WhiteElo "2155"]
[BlackElo "2395"]

1.e4 c5 2.Nf3 d6 3.d4 cxd4 4.Nxd4 Nf6 5.Nc3 a6 6.Be3 e5 7.Nb3 Be7 8.f3 Be6
9.Qd2 O-O 10.O-O-O Nbd7 11.g4 Qc7 12.h4 b5 13.h5 b4 14.Nd5 Bxd5 15.exd5 a5
16.Kb1 a4 17.Nc1 Ra5 18.Bd3 Nxd5 19.Ne2 a3 20.b3 Nxe3 21.Qxe3 d5 22.g5 Bc5
23.Qd2 e4 24.fxe4 dxe4 25.Bc4 Qe5 26.c3 Nb6 27.Qf4 Nxc4 28.bxc4 Qe6 29.Rd5 bxc3
30.Kc2 Rb5 31.Kxc3 Rb2 32.Rxc5 Rxe2 33.Rh2 Rxh2 34.Qxh2 Re8 35.Rb5 e3 36.Qe2 h6
37.Rb3 Qe5+ 38.Kc2 hxg5 39.Rxa3 f5 40.h6 g6 41.Ra7 Rd8  0-1

[Event "Karadjordje-Serbia"]
[Site "Topola SCG"]
[Date "2004.05.07"]
[Round "4"]
[White "Sedlak,N"]
[Black "Ruck,R"]
[Result "1/2-1/2"]
[WhiteElo "2519"]
[BlackElo "2556"]

1.e4 c5 2.Nf3 d6 3.d4 cxd4 4.Nxd4 Nf6 5.Nc3 a6 6.Be3 Ng4 7.Bg5 h6 8.Bh4 g5
9.Bg3 Bg7 10.h3 Nf6 11.Qe2 Nc6 12.Nxc6 bxc6 13.e5 Nd5 14.Qc4 O-O 15.Qxc6 Nxc3
16.Qxc3 Bf5 17.Bd3 Rc8 18.Qa3 Bxd3 19.cxd3 dxe5 20.Qxa6 Rc2 21.O-O Rxb2 22.a4 Qa8
23.Qc4 Rd8 24.a5 Rd4 25.Qc3 Rbb4 26.Rfc1 e4 27.Qc8+ Rd8 28.Qc5 Rb3 29.Be5 Bxe5
30.Qxe5 exd3 31.Qxe7 d2 32.Rd1 Rbd3 33.a6 R8d7 34.Qb4 R3d4 35.Qb2 R4d6 36.a7  1/2-1/2